RAM... or ROM? - Statistics

General Stats
  • This quiz has been taken 139 times
  • The average score is 6 of 8
Answer Stats
Question Answer % Correct
Has temporary memory storage RAM
100%
Contains data that cannot be easily modified ROM
100%
Needs constant refreshing to stay active RAM
88%
Has the word 'random' in its name RAM
88%
Contains data that the computer needs to boot up ROM
88%
Is located in the motherboard Both
75%
Has a very small capacity ROM
63%
Is constantly interacting with the CPU RAM
25%
No matching quizzes found
Score Distribution
Percent of People with Each Score
Percentile by Number Answered
Your Score History
You have not taken this quiz